Catálogo monumental de España. (Record no. 188582)

MARC details
000 -LEADER
campo de control de longitud fija 00736nam a2200181 i 4500
001 - NÚMERO DE CONTROL
campo de control 188582
003 - IDENTIFICADOR DE NÚMERO DE CONTROL
campo de control ES-MaACL
005 - FECHA Y HORA DE LA ÚLTIMA TRANSACCIÓN
campo de control 20251004063230.0
008 - DATOS DE LONGITUD FIJA--INFORMACIÓN GENERAL
campo de control de longitud fija 190102s1942 sp |||| | spa d
100 1# - ENTRADA PRINCIPAL--NOMBRE DE PERSONA
Nombre de persona Arco y Garay, Ricardo del,
Fechas asociadas al nombre 1888-1955
9 (RLIN) 22507
245 10 - MENCIÓN DEL TÍTULO
Título Catálogo monumental de España.
Nombre de parte o sección de la obra Huesca /
Mención de responsabilidad, etc. por Ricardo del Arco y Garay.
260 ## - PUBLICACIÓN, DISTRIBUCIÓN, ETC.
Lugar de publicación, distribución, etc. Madrid :
Nombre del editor, distribuidor, etc. Consejo Superior de Investigaciones Científicas, Instituto Diego Velázquez,
Fecha de publicación, distribución, etc. 1942.
300 ## - DESCRIPCIÓN FÍSICA
Extensión 2 v. :
Otras características físicas il. ;
Dimensiones 25 cm.
505 8# - NOTA DE CONTENIDO CON FORMATO
Nota de contenido con formato Contiene: [1. Texto] (444 p., 1 h. pleg.) -- [2. Láminas] (419 p. de lám.)
650 #4 - PUNTO DE ACCESO ADICIONAL DE MATERIA--TÉRMINO DE MATERIA
Término de materia o nombre geográfico como elemento de entrada Patrimonio cultural-
Subdivisión geográfica Huesca (Provincia)-
Subdivisión de forma Inventarios.
9 (RLIN) 157610
852 ## - LOCALIZACIÓN
Ubicación ES-MaACL
Número de control de estantería P-201-14-15
Holdings
Estatus retirado Estado de pérdida Estado de daño No para préstamo Biblioteca de origen Biblioteca actual Ubicación en estantería Fecha de adquisición Fuente de adquisición Total de préstamos Signatura topográfica completa Código de barras Visto por última vez Precio de reemplazo Tipo de ítem Koha
        Biblioteca del Ateneo de Madrid Biblioteca del Ateneo de Madrid Depósito 2 02/01/2019     P-201-14-15 1199520 23/02/2023 23/02/2023 Libro impreso